Largest World Capitals A-Z - Statistics

General Stats
  • This quiz has been taken 86 times
  • The average score is 15 of 24
Answer Stats
Area (km²) Capital % Correct
Z 641 Zagreb
85%
B 16,410.5 Beijing
83%
Q 372.39 Quito
81%
T 2,194.07 Tokyo
81%
J 662.3 Jakarta
78%
M 2,511 Moscow
78%
U 4,704.4 Ulaanbaatar
78%
C 3,085.12 Cairo
76%
I 220.15 Islamabad
76%
H 3,358.6 Hanoi
70%
O 2,970.3 Ottawa
65%
W 5,133 Windhoek
65%
Y 223 Yerevan
65%
F 81.48 Freetown
63%
V 414.78 Vienna
59%
A 24,521 Ankara
56%
R 1,973 Riyadh
56%
L 2,672.3 Lima
52%
G 219.9 Guatemala City
46%
D 2,576 Dodoma
44%
K 1,028.24 Kabul
39%
P 3,194 Pyongyang
39%
S 641 Santiago
37%
N 7,054 Naypyidaw
13%
No matching quizzes found
Score Distribution
Percent of People with Each Score
Percentile by Number Answered
Your Score History
You have not taken this quiz